<?xml version="1.0" encoding="UTF-8"?>
<collection xmlns="http://www.loc.gov/MARC21/slim">
  <record>
    <leader>00000nam  2200000   4500</leader>
    <controlfield tag="001">INLIS000000000809962</controlfield>
    <controlfield tag="005">20250909024739</controlfield>
    <datafield tag="035" ind1="#" ind2="#">
      <subfield code="a">0010-0925000087</subfield>
    </datafield>
    <datafield tag="245" ind1="#" ind2="#">
      <subfield code="a">Sejarah nasional Indonesia 6 :</subfield>
      <subfield code="b">Zaman Jepang dan Zaman Republik /</subfield>
      <subfield code="c">Editor umum: Marwati Djoened Poesponegoro, Nugroho Notosusanto; Editor umum pemutakhiran: R.P. Soejono, R.Z. Leirissa</subfield>
    </datafield>
    <datafield tag="250" ind1="#" ind2="#">
      <subfield code="a">ed. pemutakhiran cet. 4</subfield>
    </datafield>
    <datafield tag="260" ind1="#" ind2="#">
      <subfield code="a">Jakarta : :</subfield>
      <subfield code="b">Balai Pustaka,,</subfield>
      <subfield code="c">2010</subfield>
    </datafield>
    <datafield tag="300" ind1="#" ind2="#">
      <subfield code="a">xxxix, 534 hlm. :</subfield>
      <subfield code="b">ilus. ;</subfield>
      <subfield code="c">25 cm</subfield>
    </datafield>
    <datafield tag="500" ind1="#" ind2="#">
      <subfield code="a">Indeks</subfield>
    </datafield>
    <datafield tag="504" ind1="#" ind2="#">
      <subfield code="a">Bibliografi: hlm. 485</subfield>
    </datafield>
    <controlfield tag="007">ta</controlfield>
    <controlfield tag="008">250909###########################0#ind##</controlfield>
    <datafield tag="020" ind1="#" ind2="#">
      <subfield code="a">979-407-408-X</subfield>
    </datafield>
    <datafield tag="082" ind1="#" ind2="#">
      <subfield code="a">959.8</subfield>
    </datafield>
    <datafield tag="084" ind1="#" ind2="#">
      <subfield code="a">959.8 SEJ</subfield>
    </datafield>
  </record>
</collection>
